Written for children : an outline of English-language children's literature
Αποθηκεύτηκε σε:
| Κύριος συγγραφέας: | |
|---|---|
| Μορφή: | Βιβλίο |
| Γλώσσα: | English |
| Δημοσίευση: |
London :
Bodley Head,
1995
|
| Έκδοση: | 6th ed. |
| Θέματα: | |
| Ετικέτες: |
Προσθήκη ετικέτας
Δεν υπάρχουν, Καταχωρήστε ετικέτα πρώτοι!
|
MARC
| LEADER | 00000cam a2200000 i 4500 | ||
|---|---|---|---|
| 001 | 1/71109 | ||
| 008 | 980522s1995 eng d | ||
| 020 | |a 0-370-31520-0 | ||
| 035 | |l 10030851 | ||
| 040 | |a GR-MY-UA |b gre |e aacr | ||
| 041 | 0 | |a eng | |
| 082 | 0 | |a 820.99282 | |
| 100 | 1 | |a Townsend, John Rowe. | |
| 245 | 1 | 0 | |a Written for children : |b an outline of English-language children's literature / |c John Rowe Townsend |
| 250 | |a 6th ed. | ||
| 260 | |a London : |b Bodley Head, |c 1995 | ||
| 300 | |a 388 p. | ||
| 650 | 0 | 0 | |a Children's literature, English |x History and criticism. |
| 650 | 0 | 0 | |a Children's literature, Commonwealth (English) |x History and criticism. |
| 650 | 0 | 0 | |a Children's literature, American |x History and criticism. |
| 852 | |a INST |b RHODES |e 19980522 |h 820.99282 TOW |p 005400006281 |q 005400006281 |t BK |y 0 | ||
| 901 | |a BIBL-1998-2 | ||
| 909 | |a Ρ |b 054493 |c 1998 | ||
| 922 | |a 4ΕΛΗ |b 199803 |c ΖΕΡΒΟΥ |d ΠΑΠΑΣΩΤΗΡΙΟΥ | ||